| 000 -LEADER |
| fixed length control field |
01281cmm a22003732 b4500 |
| 001 - CONTROL NUMBER |
| control field |
21587 |
| 003 - CONTROL NUMBER IDENTIFIER |
| control field |
BD-DhUAP |
| 005 - DATE AND TIME OF LATEST TRANSACTION |
| control field |
20220616163014.0 |
| 007 - PHYSICAL DESCRIPTION FIXED FIELD--GENERAL INFORMATION |
| fixed length control field |
cr cn ---mpcbr |
| 008 - FIXED-LENGTH DATA ELEMENTS--GENERAL INFORMATION |
| fixed length control field |
200212s2006 ||||||||o||j||||| || d |
| 020 ## - INTERNATIONAL STANDARD BOOK NUMBER |
| International Standard Book Number |
9789382563204 |
| 035 ## - SYSTEM CONTROL NUMBER |
| System control number |
(WaSeSS)ssib034354145 |
| 040 ## - CATALOGING SOURCE |
| Original cataloging agency |
BD-DhUAP |
| Modifying agency |
BD-DhUAP |
| Language of cataloging |
ENG |
| Transcribing agency |
BD-DhUAP |
| 050 #0 - LIBRARY OF CONGRESS CALL NUMBER |
| Classification number |
PR2750 |
| 082 00 - DEWEY DECIMAL CLASSIFICATION NUMBER |
| Classification number |
822.33 SHA |
| Edition number |
22 |
| 100 1# - MAIN ENTRY--PERSONAL NAME |
| Personal name |
Shakespeare, William. |
| 245 10 - TITLE STATEMENT |
| Title |
As you like it |
| Medium |
[electronic resource] / |
| Statement of responsibility, etc. |
Shakespeare, William. |
| 250 ## - EDITION STATEMENT |
| Edition statement |
3rd ed. |
| 260 ## - PUBLICATION, DISTRIBUTION, ETC. |
| Place of publication, distribution, etc. |
[S.l.] : |
| Name of publisher, distributor, etc. |
Arden Shakespeare, |
| Date of publication, distribution, etc. |
2006. |
| 300 ## - PHYSICAL DESCRIPTION |
| Extent |
electronic text. |
| 490 1# - SERIES STATEMENT |
| Series statement |
The Arden Shakespeare Third Ser. |
| 538 ## - SYSTEM DETAILS NOTE |
| System details note |
eBook access via Internet. |
| Institution to which field applies |
ANU/ANV. |
| 700 1# - ADDED ENTRY--PERSONAL NAME |
| Personal name |
Dusinberre, Juliet. |
| 700 1# - ADDED ENTRY--PERSONAL NAME |
| Personal name |
Kastan, David Scott. |
| 700 1# - ADDED ENTRY--PERSONAL NAME |
| Personal name |
Proudfoot, Richard. |
| 700 1# - ADDED ENTRY--PERSONAL NAME |
| Personal name |
Thompson, Ann. |
| 700 1# - ADDED ENTRY--PERSONAL NAME |
| Personal name |
Woudhuysen, H. R. |
| 710 2# - ADDED ENTRY--CORPORATE NAME |
| Corporate name or jurisdiction name as entry element |
Bloomsbury Academic. |
| 740 0# - ADDED ENTRY--UNCONTROLLED RELATED/ANALYTICAL TITLE |
| Uncontrolled related/analytical title |
Bloomsbury Drama Online Core Collection (Australia/New Zealand) |
| 830 #4 - SERIES ADDED ENTRY--UNIFORM TITLE |
| Uniform title |
The Arden Shakespeare Third Ser. |
| 856 40 - ELECTRONIC LOCATION AND ACCESS |
| Public note |
View online via Bloomsbury Drama Online Core Collection (Australia/New Zealand) |
| Uniform Resource Identifier |
<a href="https://virtual.anu.edu.au/login/?url=https://dx.doi.org/10.5040/9781408160497.00000005">https://virtual.anu.edu.au/login/?url=https://dx.doi.org/10.5040/9781408160497.00000005</a> |
| 907 ## - LOCAL DATA ELEMENT G, LDG (RLIN) |
| a |
.b64714986 |
| 942 ## - ADDED ENTRY ELEMENTS (KOHA) |
| Source of classification or shelving scheme |
|
| Koha item type |
Book |